000 01106cam a22003377a 4500
001 3037
005 20240131145300.0
020 _a9780545117173
040 _aBTCTA
_cBTCTA
_dNYP
_dLEO
_dJST
_dDLC
_dDLC
_beng
050 0 0 _aPZ7.7.P25
_b2011
082 0 4 _a741.5
100 1 _aParker, Jake
_d1977-
245 1 0 _aMissile Mouse :
_brescue on Tankium3 /
_cby Jake Parker.
246 3 0 _aRescue on Tankium3
250 _aFirst edition , January 2011
260 _aNew York :
_bScholastic,
_c2011
300 _a146 pages :
_bcolor illustrations ;
_c24 cm .
490 _a Missile Mouse
505 _aK
520 _aMissile Mouse, a secret agent for the Galactic Security Agency, must battle evil King Bognarsh who has enslaved an entire planet.
521 _a510
_bLexile
521 _aK
_bRaz-Plus
650 1 _aGraphic novels.
650 1 _aAdventure and adventurers
_vFiction.
650 1 _aMice
_vFiction.
650 1 _aScience fiction.
650 7 _aMice
_vFiction.
_2sears
655 0 _aGraphic novels.
906 _a7
_bcbc
_ccopycat
_d2
_encip
_f20
_gy-gencatlg
942 _2ddc
_cBK
_n0
999 _c3037
_d3037